000 00362nam a2200169Ia 4500
100 _aMishra/Jibitesh/ Mohanty/Ashok
650 _aSoftware Engineering
942 _cBK
366 _f20
654 _asoftware
245 _aSoftware Engineering
260 _bPearson Education
_c2012
082 _bMIS
300 _a387
546 _aENGLISH
999 _c30554
_d30554